000 00523nam a2200181 a 4500
001 9189
003 CO-ViMGA
008 141112s2004 ck r 000 u spa d
040 _aCO-ViMGA
_bspa
_cCO-ViMGA
082 0 4 _a005.12028 C136
100 1 _aCairo Battistutti ; Osvaldo,
_99702
245 1 0 _aMetodología de programación :
_balgoritmos diagramas de flujo y progamas
260 _aMexico :
_bAlfaomega,
_c1996.
300 _a2v. : il
650 1 4 _aALGORITMOS
650 1 4 _aDIAGRAMAS DE FLUJO
_96424
942 _2ddc
_cBK
999 _c20730
_d20730